Movies Quiz

Random Movies Quiz

Movies By Steak Scene Quiz Stats

 Plays Quiz not verified by Sporcle

Challenge
Share
Tweet
Score 0/10 Timer 05:00
0 Plays Today
% Correct
Rocky (1976)
99.2%
The Incredibles (2004)
87.5%
Napoleon Dynamite (2004)
64.3%
Raging Bull (1980)
61.3%
The Matrix (1999)
54.7%
The Great Outdoors (1988)
34.9%
Captain America: The First Avenger (2011)
23.7%
The Man Who Shot Liberty Valance (1962)
18.7%
Poltergeist (1982)
16.8%
The Guilt Trip (2012)
10.9%

You're not logged in!

Compare scores with friends on all Sporcle quizzes.
Join for Free
OR
Log In

You Might Also Like...

Show Comments

Extras

Top Quizzes Today


Score Distribution

Your Account Isn't Verified!

In order to create a playlist on Sporcle, you need to verify the email address you used during registration. Go to your Sporcle Settings to finish the process.

Report this User

Report this user for behavior that violates our Community Guidelines.

Details: